Top 10 best Swedish football players of all time - Statistics

General Stats
  • This quiz has been taken 252 times
  • The average score is 5 of 10
Answer Stats
Hint Answer % Correct
Striker, Inter Milan, PSG, AC Milan Zlatan Ibrahimovic
98%
Striker, Celtic, Barcelona, Champions League 2006 Henrik Larsson
91%
Midfielder of 1960s/1970s, Malmo Bo Larsson
90%
Striker of 1940s/1950s, AC Milan Gunnar Nordahl
53%
Goalkeeper of 1980s/1990s, Goteborg Thomas Ravelli
39%
Midfielder of 1950s, AC Milan Nils Liedholm
35%
Midfielder of 1940s/1950s, AC Milan, Goteborg Gunnar Gren
33%
Striker of 1950s/1960s, Fiorentina Kurt Hamrin
27%
Goalkeeper of 1970s/1980s, Kaiserslautern Ronnie Hellström
18%
Midfielder of 1950s, Inter Milan Lennart Skoglund
17%
No matching quizzes found
Score Distribution
Percent of People with Each Score
Percentile by Number Answered
Your Score History
You have not taken this quiz